"Living in the Past" Jethro Tull Lyrics - Statistics

General Stats
  • This quiz has been taken 19 times
  • The average score is 57 of 91
Answer Stats
Lyrics % Correct
a
100%
I
100%
go
90%
go
90%
go
90%
in
90%
in
90%
in
90%
in
90%
in
90%
living
90%
living
90%
past
90%
past
90%
the
90%
the
90%
and
80%
and
80%
and
80%
know
80%
know
80%
let
80%
let's
80%
let's
80%
we
80%
we
80%
you
80%
you
80%
you
80%
above
70%
disaster
70%
drink
70%
Happy
70%
I'm
70%
love
70%
love
70%
mile
70%
no
70%
other
70%
out
70%
smiling
70%
there's
70%
there's
70%
to
70%
to
70%
to
70%
walk
70%
water
70%
we'll
70%
what
70%
your
70%
on
60%
walking
60%
boy
50%
but
50%
don't
50%
every
50%
girl
50%
I'd
50%
join
50%
now
50%
of
50%
oh,
50%
oh
50%
once
50%
us
50%
used
50%
war's
50%
was
50%
won't
50%
won't
50%
fighting
40%
friend
40%
give
40%
give
40%
my
40%
others
40%
revolution
40%
shout
40%
they
40%
while
40%
keep
30%
much
30%
our
30%
they're
30%
close
20%
eyes
20%
faster
20%
outside
20%
their
10%
lives
0%
No matching quizzes found
Score Distribution
Percent of People with Each Score
Percentile by Number Answered
Your Score History
You have not taken this quiz